|
|
|
|
| LEADER |
02553nam a2200577 a 4500 |
| 001 |
001276312 |
| 003 |
CZ BrMZK |
| 005 |
20150213085100.0 |
| 007 |
ta |
| 008 |
130128s2012 xr f 000 0 fre |
| 020 |
|
|
|a 978-80-7278-603-9
|q (brož.)
|
| 040 |
|
|
|a BOA001
|b cze
|
| 041 |
1 |
|
|a fre
|a cze
|h fre
|
| 043 |
|
|
|a e-cs---
|a e-fr---
|
| 045 |
|
|
|a x1x3
|
| 072 |
|
7 |
|a 355/359
|x Vojenství. Obrana země. Ozbrojené síly
|2 Konspekt
|9 15
|
| 080 |
|
|
|a 355.02
|2 MRF
|
| 080 |
|
|
|a 327
|2 MRF
|
| 080 |
|
|
|a 341.76
|2 MRF
|
| 080 |
|
|
|a (437)
|2 MRF
|
| 080 |
|
|
|a (44)
|2 MRF
|
| 080 |
|
|
|a (044)
|2 MRF
|
| 080 |
|
|
|a (093)
|2 MRF
|
| 245 |
0 |
0 |
|a Mission militaire française auprès de la République tchécoslovaque (sic) 1919-1939 :
|b edition documentaire.
|n Série I, 1919-1925, volume 5
|p Attaques, critiques, félicitations = Francouzská vojenská mise v Československu 1919-1939 : edice dokumentů. Serie I, 1919-1925, svazek 3, Útoky, kritiky, blahopřání /
|c [sborník připravil k vydání Radko Břach]
|
| 246 |
3 |
0 |
|a Attaques, critiques, félicitations
|
| 246 |
3 |
0 |
|a Útoky, kritiky, blahopřání
|
| 246 |
3 |
1 |
|a Francouzská vojenská mise v Československu 1919-1939
|
| 250 |
|
|
|a Vyd. 1.
|
| 260 |
|
|
|a Praha :
|b Service historique de la Défense Vincennes,
|c 2012
|
| 300 |
|
|
|a 340 s. ;
|c 21 cm
|
| 500 |
|
|
|a 700 výt.
|
| 504 |
|
|
|a Obsahuje bibliografické odkazy
|
| 546 |
|
|
|a Souběžný český text
|
| 600 |
1 |
7 |
|a Mittelhauser, Eugène Désiré Antoine,
|d 1873-1949
|7 jo2004259840
|2 czenas
|
| 600 |
1 |
7 |
|a Foch, Ferdinand,
|d 1851-1929
|7 jn19990009558
|2 czenas
|
| 648 |
|
4 |
|a 1919-1939
|
| 650 |
0 |
7 |
|a vojenská politika
|7 ph124245
|z Československo
|y 1918-1939
|2 czenas
|
| 650 |
0 |
7 |
|a vojenská politika
|7 ph124245
|z Francie
|y 1918-1939
|2 czenas
|
| 655 |
|
7 |
|a korespondence
|7 fd132681
|2 czenas
|
| 655 |
|
7 |
|a dokumenty
|7 fd132064
|2 czenas
|
| 655 |
|
7 |
|a prameny
|7 fd131865
|2 czenas
|
| 610 |
2 |
7 |
|a Mission militaire française auprès de la République Tchécoslovaque
|7 mzk2005280456
|2 czenas
|
| 651 |
|
7 |
|a Francie
|7 ge129152
|x diplomatické vztahy
|y 1918-1939
|2 czenas
|
| 651 |
|
7 |
|a Francie
|7 ge129152
|x zahraniční vztahy
|y 1918-1939
|2 czenas
|
| 651 |
|
7 |
|a Československo
|7 ge131689
|x diplomatické vztahy
|y 1918-1939
|2 czenas
|
| 651 |
|
7 |
|a Československo
|7 ge131689
|x zahraniční vztahy
|y 1918-1939
|2 czenas
|
| 700 |
1 |
|
|a Břach, Radko,
|d 1930-
|7 js20030929018
|4 edt
|
| 910 |
|
|
|a BOA001
|b 2-1156.369,1/5
|
| 990 |
|
|
|a BK
|
| 991 |
|
|
|b 201302
|c NOV
|e n
|
| 996 |
6 |
|
|b 2610537735
|c 2-1156.369,1/5
|l MZK
|r Sklad / do 1 hodiny
|n 2
|p p.v.
|w 001311783
|u 000010
|a 1
|e BOA001
|j MZK50
|s P
|